Les pays ayant participé aux Jeux Olympiques - Statistiques

Statistiques générales
  • Ce quiz a été pris 216 fois
    126 depuis la dernière actualisation
  • Le résultat moyen est 137 sur 216
Statistiques - réponses
Pays % Correct
France
93%
Algérie
92%
Allemagne
91%
Allemagne de l'Ouest
91%
Espagne
90%
Maroc
90%
Royaume-Uni
90%
Australie
89%
États-Unis
89%
Russie
89%
Chine
86%
Finlande
86%
République de Chine
86%
Afrique du Sud
84%
Canada
84%
Égypte
84%
Nouvelle-Zélande
84%
Belgique
83%
Grèce
83%
Japon
83%
Turquie
83%
Autriche
82%
Danemark
82%
Italie
82%
Norvège
82%
Suède
82%
Andorre
81%
Brésil
81%
République Démocratique du Congo
81%
Suisse
81%
Tunisie
81%
Corée du Sud
80%
Croatie
80%
Portugal
80%
République du Congo
80%
Albanie
79%
Argentine
79%
Biélorussie
79%
Corée du Nord
79%
Inde
79%
Irlande
79%
Islande
79%
Luxembourg
79%
Pays-Bas
79%
URSS
79%
Yougoslavie
79%
Indonésie
78%
Lituanie
78%
République Tchèque
78%
Serbie
78%
Estonie
77%
Ukraine
77%
Lettonie
76%
Mexique
76%
Pologne
76%
Macédoine du Nord
75%
Saint-Marin
75%
Chili
74%
Hongrie
74%
Libye
74%
Liechtenstein
74%
Roumanie
74%
Soudan
74%
Afghanistan
73%
Guinée
73%
Iran
73%
Kazakhstan
73%
Monaco
73%
Cameroun
72%
Paraguay
72%
Slovénie
72%
Bulgarie
71%
Irak
71%
Jamaïque
71%
Kosovo
71%
Mongolie
71%
Pakistan
71%
Pérou
71%
Slovaquie
71%
Fidji
70%
Niger
70%
Thailande
70%
Uruguay
70%
Bolivie
69%
Chypre
69%
Israel
69%
Kenya
69%
Laos
69%
Malte
69%
Moldavie
69%
Monténégro
69%
Angola
68%
Arabie Saoudite
68%
Bosnie-Herzégovine
68%
Colombie
68%
Cuba
68%
Madagascar
68%
Mali
68%
Nigeria
68%
Viet-Nam
68%
Arménie
67%
Azerbaidjan
67%
Liban
67%
Qatar
67%
Zimbabwe
67%
Costa Rica
66%
Cote d'Ivoire
66%
Éthiopie
66%
Rwanda
66%
Sénégal
66%
Somalie
66%
Cambodge
65%
Équateur
64%
Honduras
64%
Jordanie
64%
Togo
64%
Tonga
64%
Yemen
64%
Yemen du Nord
64%
Yemen du Sud
64%
Oman
63%
Panama
63%
Papouasie-Nouvelle-Guinée
63%
Samoa
63%
Soudan du Sud
63%
Vénézuela
63%
Guinée Bissau
61%
Ouzbékistan
61%
Philippines
61%
République Centrafricaine
61%
Turkménistan
61%
Zambie
61%
Botswana
60%
Géorgie
60%
Malaisie
60%
Népal
60%
Émirats Arabes Unis
59%
Namibie
59%
Syrie
59%
Guyana
58%
Koweit
58%
Mauritanie
58%
Ouganda
58%
République Dominicaine
58%
Suriname
58%
Bénin
57%
Birmanie
57%
Burundi
57%
Comores
57%
Érythrée
57%
Guinée Équatoriale
57%
Nicaragua
57%
Singapour
57%
Allemagne de l'Est
56%
Ghana
56%
Haiti
56%
Micronésie
56%
Tchad
56%
Bangladesh
55%
Burkina Faso
55%
Cap-Vert
55%
Gabon
55%
Gambie
55%
Mozambique
55%
Tanzanie
55%
Bhoutan
54%
Kirghizistan
54%
Lesotho
54%
Sri Lanka
54%
Tadjikistan
54%
Bahamas
53%
Eswatini
53%
Taipei Chinois
53%
Vanuatu
53%
Bahrein
52%
Djibouti
52%
Salvador
52%
Tchécoslovaquie
51%
Tuvalu
51%
Kiribati
50%
Sainte-Lucie
50%
Saint-Vincent-et-les-Grenadines
50%
Trinité-et-Tobago
50%
Belize
49%
Guatemala
49%
Seychelles
49%
Sierra Leone
49%
Dominique
48%
Nauru
48%
Barbade
47%
Libéria
47%
Maldives
47%
Maurice
47%
Brunei
46%
Palaos
46%
Salomon
46%
Palestine
45%
Saint-Christophe-et-Niévès
44%
Grenade
43%
Malawi
43%
Marshall
40%
Sao-Tomé-et-Principe
39%
Timor Oriental
36%
Porto Rico
31%
Hong-Kong
27%
Iles Cook
23%
Aruba
16%
Iles Vierges Britanniques
15%
Iles Vierges des États-Unis
15%
Bermudes
14%
Guam
13%
Iles Caimans
11%
Samoa Américaines
7%
Antilles Néerlandaises
3%
Sarre
3%
Bohème
2%
Aucun quiz correspondant
Distribution des résultats
% des personnes avec chaque résultat
Percentile par nombre de réponses
Votre historique - résultats
Vous n’avez pas pris ce quiz depuis la dernière actualisation